000 00373nam a2200145Ia 4500
005 20240821154752.0
008 240821s9999||||xx |||||||||||||| ||und||
082 _a370.19348 MIL
100 _aMiller, Harry L.
245 0 _aEducation in the metropolis
260 _bNew York, The Free Press
_c1967
300 _aviii,295p
650 _aEducationMiller, Har
942 _cBK
999 _c80583
_d80583